[Event "18. Carlos Torre Magistral"]
[Site "Merida MEX"]
[Date "2005.12.16"]
[Round "3.10"]
[White "Contreras Medina, Ruben"]
[Black "Mitkov, Nikola"]
[Result "0-1"]
[WhiteElo "2196"]
[BlackElo "2481"]
[PlyCount "132"]
[EventDate "2005.12.15"]
[EventCountry "MEX"]
[Source "lmi"]
[SourceDate "2005.12.23"]

1. d4 Nf6 2. c4 e6 3. Nc3 Bb4 4. e3 O-O 5. Bd3 d5 6. Nf3 Nc6 7. O-O a6 8. Qc2
h6 9. a3 dxc4 10. Bxc4 Bd6 11. Rd1 Qe7 12. Be2 e5 13. d5 Nb8 14. e4 Nbd7 15. b4
Nh5 16. Bb2 Nf4 17. Bf1 Nf6 18. h3 g5 19. Ne2 Bd7 20. Re1 N6h5 21. Ng3 Rae8 22.
Qc3 Ng7 23. Rac1 h5 24. Ne2 Ng6 25. Nd2 g4 26. hxg4 Bxg4 27. Nc4 h4 28. Ne3 Bd7
29. f4 Nh5 30. f5 Ngf4 31. Nxf4 Nxf4 32. Ng4 Qg5 33. Qf3 f6 34. Nf2 Re7 35. Nh3
Nxh3+ 36. Qxh3 Rg7 37. Rc3 Qg4 38. Bc1 Rff7 39. Kh2 Qh5 40. Be2 Qh8 41. Bd2 Bb5
42. Bd1 Rh7 43. Kg1 Rfg7 44. Bb3 Kf8 45. Rec1 Rg8 46. Be1 Rhg7 47. Bd1 Be8 48.
Be2 Bh5 49. Bf1 Bg4 50. Qd3 Qh5 51. Bf2 Rf7 52. Kh2 Bxf5 53. Bc5 Rg3 54. Bxd6+
cxd6 55. Qb1 Bg6 56. Rc8+ Kg7 57. Rd8 Qg5 58. Rcc8 Bh7 59. Qe1 Qf4 60. Kh1 Re3
61. Qc1 Qxe4 62. Rc7 Re1 63. Rxf7+ Kxf7 64. Qh6 Rxf1+ 65. Kh2 Qf4+ 66. Qxf4
Rxf4 0-1

[Event "18. Carlos Torre Magistral"]
[Site "Merida MEX"]
[Date "2005.12.16"]
[Round "3.11"]
[White "Sanchez Enriquez, Oscar"]
[Black "Quezada, Yuniesky"]
[Result "0-1"]
[WhiteElo "2173"]
[BlackElo "2505"]
[PlyCount "48"]
[EventDate "2005.12.15"]
[EventCountry "MEX"]
[Source "lmi"]
[SourceDate "2005.12.23"]

1. e4 c5 2. Nf3 d6 3. d4 cxd4 4. Nxd4 Nf6 5. Nc3 a6 6. Bg5 e6 7. f4 h6 8. Bh4
Nbd7 9. Bc4 Qb6 10. Qd2 Qxb2 11. O-O Qb4 12. Bxe6 fxe6 13. Nxe6 Kf7 14. e5 dxe5
15. fxe5 Qxh4 16. exf6 Nxf6 17. Nd8+ Kg8 18. Nd5 Bc5+ 19. Kh1 Ne4 20. Qd3 Bd7
21. Nxb7 Bb5 22. Qb3 Bc4 23. Ne7+ Kh7 24. Qf3 Rhf8 0-1

[Event "18. Carlos Torre Magistral"]
[Site "Merida MEX"]
[Date "2005.12.16"]
[Round "3.12"]
[White "Vera, Reynaldo"]
[Black "Albarran, Alejandro"]
[Result "1-0"]
[WhiteElo "2481"]
[BlackElo "2136"]
[PlyCount "61"]
[EventDate "2005.12.15"]
[EventCountry "MEX"]
[Source "lmi"]
[SourceDate "2005.12.23"]

1. d4 Nf6 2. c4 c5 3. d5 e6 4. Nc3 exd5 5. cxd5 Bd6 6. g3 Bc7 7. Bg2 d6 8. Nf3
O-O 9. O-O a6 10. a4 Re8 11. Nd2 Nbd7 12. b3 Rb8 13. Bb2 b5 14. Ra2 bxa4 15.
Rxa4 a5 16. Re1 Ne5 17. h3 Bd7 18. Ra2 Qe7 19. Qc2 Rb4 20. Ba3 Rd4 21. e3 Rxd2
22. Qxd2 Bxh3 23. f4 Bxg2 24. Kxg2 Neg4 25. e4 a4 26. b4 c4 27. Qd4 Nd7 28.
Nxa4 f5 29. Rae2 Qf7 30. Qxc4 Qh5 31. Rh1 1-0

[Event "18. Carlos Torre Magistral"]
[Site "Merida MEX"]
[Date "2005.12.16"]
[Round "3.13"]
[White "Ocampo, Raul"]
[Black "Zepeda, Sonia"]
[Result "1-0"]
[WhiteElo "2287"]
[BlackElo "2029"]
[PlyCount "41"]
[EventDate "2005.12.15"]
[EventCountry "MEX"]
[Source "lmi"]
[SourceDate "2005.12.23"]

1. e4 c5 2. c3 d5 3. exd5 Qxd5 4. d4 cxd4 5. cxd4 Nc6 6. Nf3 Bg4 7. Nc3 Qd8 8.
d5 Nb8 9. h3 Bxf3 10. Qxf3 Nd7 11. Bf4 a6 12. Be2 Ngf6 13. O-O h6 14. d6 e5 15.
Bg3 Bxd6 16. Rfd1 Qb8 17. Rd2 Bc7 18. Rad1 Nb6 19. Bh4 Nfd7 20. a4 Nc5 21. a5
1-0

[Event "18. Carlos Torre Magistral"]
[Site "Merida MEX"]
[Date "2005.12.16"]
[Round "3.14"]
[White "Martinez, Nelson"]
[Black "Orizondo, Hugo"]
[Result "1-0"]
[WhiteElo "2143"]
[BlackElo "2210"]
[PlyCount "69"]
[EventDate "2005.12.15"]
[EventCountry "MEX"]
[Source "lmi"]
[SourceDate "2005.12.23"]

1. e4 e5 2. Nf3 Nc6 3. Bb5 a6 4. Ba4 Nf6 5. O-O Be7 6. Re1 b5 7. Bb3 d6 8. h3
Na5 9. c3 Nxb3 10. Qxb3 O-O 11. d3 c5 12. Nbd2 Be6 13. Qc2 h6 14. Nf1 Qc7 15.
Ng3 Rfe8 16. b3 Bf8 17. Bb2 g6 18. Qd2 Bg7 19. Rad1 Rad8 20. c4 b4 21. Nh2 a5
22. f4 exf4 23. Qxf4 Nd7 24. Bxg7 Kxg7 25. Nf3 Ne5 26. d4 Nxf3+ 27. Qxf3 cxd4
28. Rxd4 Bc8 29. Rf1 Re6 30. Ne2 Qa7 31. Kh2 Rde8 32. Rfd1 Qc7 33. Nf4 d5 34.
Qg3 Rxe4 35. Nh5+ 1-0

[Event "18. Carlos Torre Magistral"]
[Site "Merida MEX"]
[Date "2005.12.16"]
[Round "3.15"]
[White "Milov, Vadim"]
[Black "Estrada Velarde, Santiago"]
[Result "1-0"]
[WhiteElo "2652"]
[BlackElo "2003"]
[PlyCount "65"]
[EventDate "2005.12.15"]
[EventCountry "MEX"]
[Source "lmi"]
[SourceDate "2005.12.23"]

1. d4 g6 2. e4 Bg7 3. Nc3 c5 4. d5 d6 5. Be2 a6 6. a4 Nf6 7. Nf3 Bg4 8. Nd2
Bxe2 9. Qxe2 Nbd7 10. O-O O-O 11. Nc4 Qc7 12. a5 Rfe8 13. Bf4 Nh5 14. Be3 Ne5
15. Nb6 Rad8 16. f4 Nd7 17. Nc4 e6 18. dxe6 fxe6 19. Rad1 Nb8 20. f5 exf5 21.
Nd5 Qc6 22. exf5 Nd7 23. fxg6 hxg6 24. Qd3 Ne5 25. Nxe5 Rxe5 26. Bg5 Rxg5 27.
Ne7+ Kh7 28. Nxc6 bxc6 29. c3 d5 30. Qxa6 d4 31. Qxc6 Rb8 32. a6 dxc3 33. a7
1-0

[Event "18. Carlos Torre Magistral"]
[Site "Merida MEX"]
[Date "2005.12.16"]
[Round "3.16"]
[White "De la Paz, Frank"]
[Black "Mendoza Moreno, Cuahutemoc"]
[Result "1-0"]
[WhiteElo "2456"]
[BlackElo "2098"]
[PlyCount "49"]
[EventDate "2005.12.15"]
[EventCountry "MEX"]
[Source "lmi"]
[SourceDate "2005.12.23"]

1. e4 d6 2. d4 Nf6 3. Nc3 g6 4. f4 Bg7 5. Nf3 O-O 6. e5 Ne8 7. Be3 c6 8. Qd2 f5
9. O-O-O d5 10. Qf2 e6 11. Qg3 Nc7 12. h4 Qe8 13. h5 Nd7 14. Be2 h6 15. hxg6 b6
16. Rh3 Qe7 17. Rdh1 Rd8 18. Ng5 Nf8 19. Nf7 Rd7 20. Nxh6+ Bxh6 21. Rxh6 Qg7
22. Qh4 Nxg6 23. Rxg6 Qxg6 24. Qh8+ Kf7 25. Bh5 1-0

[Event "18. Carlos Torre Magistral"]
[Site "Merida MEX"]
[Date "2005.12.16"]
[Round "3.17"]
[White "Watanabe, Akira"]
[Black "Mendoza Moreno, Jesus"]
[Result "1-0"]
[WhiteElo "2365"]
[BlackElo "2095"]
[PlyCount "101"]
[EventDate "2005.12.15"]
[EventCountry "MEX"]
[Source "lmi"]
[SourceDate "2005.12.23"]

1. d4 d5 2. c4 c6 3. Nc3 Nf6 4. e3 e6 5. Nf3 g6 6. Bd3 Bg7 7. O-O Nbd7 8. b3
O-O 9. Bb2 Re8 10. Qc2 dxc4 11. Bxc4 b6 12. Rad1 Bb7 13. e4 Qe7 14. e5 Nd5 15.
Ne4 Nb4 16. Qe2 Red8 17. Nd6 Nb8 18. Qd2 Rxd6 19. exd6 Qxd6 20. Ne5 Bxe5 21.
dxe5 Qxd2 22. Rxd2 Nd5 23. Rc1 Nd7 24. g3 a5 25. Bf1 a4 26. b4 b5 27. a3 h5 28.
Bd4 Re8 29. f4 Nb8 30. Bg2 Bc8 31. Be4 Bd7 32. Kg2 Na6 33. Kf3 Kf8 34. h3 Ke7
35. Rh2 Rh8 36. Rcc2 Nac7 37. Rh1 Na6 38. Rhc1 Rc8 39. g4 hxg4+ 40. hxg4 Nb8
41. Bc5+ Kd8 42. Rh1 Be8 43. Rh7 Nd7 44. Bd6 N7b6 45. Bd3 Ra8 46. Rh8 Rc8 47.
f5 gxf5 48. gxf5 Nc4 49. Bxc4 bxc4 50. fxe6 fxe6 51. Rxc4 1-0

[Event "18. Carlos Torre Magistral"]
[Site "Merida MEX"]
[Date "2005.12.16"]
[Round "3.18"]
[White "Navarrete Mendez, Gonzalo"]
[Black "Estrada Nieto, Julian"]
[Result "1/2-1/2"]
[WhiteElo "2094"]
[BlackElo "2351"]
[PlyCount "74"]
[EventDate "2005.12.15"]
[EventCountry "MEX"]
[Source "lmi"]
[SourceDate "2005.12.23"]

1. e4 e5 2. Nf3 Nc6 3. Bb5 a6 4. Ba4 Nf6 5. Bxc6 dxc6 6. d3 Bd6 7. Nbd2 Qe7 8.
Nc4 h6 9. h3 O-O 10. g4 Nh7 11. Ne3 g6 12. Nc4 Kg7 13. Qd2 g5 14. b3 f6 15. Bb2
Rd8 16. Ne3 a5 17. Ke2 Bb4 18. Qc1 a4 19. a3 Bc5 20. b4 Bxe3 21. Qxe3 Nf8 22.
d4 exd4 23. Nxd4 Ng6 24. f3 Qf7 25. Kf2 Qc4 26. Qc3 Qxc3 27. Bxc3 Bd7 28. Ne2
Be6 29. Ng3 Kf7 30. Nh5 Ne5 31. Rad1 Rd6 32. Bxe5 fxe5 33. Rd3 Rad8 34. Rhd1
Bc4 35. Rxd6 cxd6 36. Ng3 Be6 37. Ke3 Ke7 1/2-1/2

[Event "18. Carlos Torre Magistral"]
[Site "Merida MEX"]
[Date "2005.12.16"]
[Round "3.19"]
[White "Altamirano Gonzalez, Yehudi"]
[Black "Dominguez Aguilar, Guillermo"]
[Result "0-1"]
[WhiteElo "2063"]
[BlackElo "2324"]
[PlyCount "58"]
[EventDate "2005.12.15"]
[EventCountry "MEX"]
[Source "lmi"]
[SourceDate "2005.12.23"]

1. e4 c5 2. Nf3 d6 3. d4 cxd4 4. Qxd4 Bd7 5. Be3 Nf6 6. Nc3 Nc6 7. Qd2 g6 8.
Bc4 Bg7 9. Bh6 O-O 10. Bxg7 Kxg7 11. h4 h5 12. O-O-O Rc8 13. Bb3 Bg4 14. Rhe1
Nd7 15. Nd5 Nc5 16. Re3 a5 17. Bc4 e5 18. Be2 Bxf3 19. Bxf3 Nd4 20. Kb1 Qxh4
21. c3 Nde6 22. Ree1 b5 23. Rh1 Qg5 24. Qe2 b4 25. g3 bxc3 26. bxc3 Na4 27. Qc2
Nec5 28. Ne3 Qf6 29. Bxh5 Nxe4 0-1

[Event "18. Carlos Torre Magistral"]
[Site "Merida MEX"]
[Date "2005.12.16"]
[Round "3.20"]
[White "Alvarez Ramirez, Miguel"]
[Black "Martin del Campo, Jorge"]
[Result "0-1"]
[WhiteElo "2042"]
[BlackElo "2253"]
[PlyCount "58"]
[EventDate "2005.12.15"]
[EventCountry "MEX"]
[Source "lmi"]
[SourceDate "2005.12.23"]

1. d4 Nf6 2. c4 e6 3. Nf3 b6 4. a3 Bb7 5. Nc3 d5 6. cxd5 Nxd5 7. e3 Nd7 8. Bd3
Be7 9. e4 Nxc3 10. bxc3 O-O 11. O-O c5 12. Qe2 Qc7 13. Re1 Rac8 14. a4 Rfd8 15.
Bb2 Qf4 16. d5 exd5 17. exd5 c4 18. Qxe7 cxd3 19. c4 Qxc4 20. Rac1 Qxd5 21. Rc7
h6 22. h4 Bc6 23. Rxa7 Qb3 24. Ne5 d2 25. Re3 d1=Q+ 26. Kh2 Nxe5 27. Qxe5 Qg4
28. Rg3 Qxh4+ 29. Rh3 Qbxh3+ 0-1

[Event "18. Carlos Torre Magistral"]
[Site "Merida MEX"]
[Date "2005.12.17"]
[Round "4.1"]
[White "Leon Hoyos, Manuel"]
[Black "Gonzalez Zamora, Juan Carlos"]
[Result "1-0"]
[WhiteElo "2428"]
[BlackElo "2515"]
[PlyCount "84"]
[EventDate "2005.12.15"]
[EventCountry "MEX"]
[Source "lmi"]
[SourceDate "2005.12.23"]

1. e4 c5 2. Nf3 Nc6 3. d4 cxd4 4. Nxd4 Nf6 5. Nc3 d6 6. Bg5 e6 7. Qd2 a6 8.
O-O-O Bd7 9. f3 Be7 10. h4 h6 11. Be3 h5 12. Kb1 Ne5 13. Bg5 b5 14. Bd3 Qb6 15.
Nce2 b4 16. f4 Neg4 17. Rhf1 a5 18. Rde1 a4 19. Nf3 Ne3 20. Rg1 b3 21. Ned4
bxc2+ 22. Nxc2 Nxc2 23. Bxc2 O-O 24. Qd4 Rfb8 25. Rd1 d5 26. Qxb6 Rxb6 27. exd5
Rab8 28. b3 axb3 29. axb3 Ba4 30. Nd4 exd5 31. Ka2 Bd7 32. Kb2 Bc5 33. Rge1 Ne4
34. Nf3 Ra8 35. Bxe4 dxe4 36. Rxd7 exf3 37. gxf3 f6 38. Rd5 Ba3+ 39. Kc2 Rc8+
40. Kb1 fxg5 41. Ka2 Ra8 42. Red1 Be7+ 1-0

[Event "18. Carlos Torre Magistral"]
[Site "Merida MEX"]
[Date "2005.12.17"]
[Round "4.3"]
[White "Hernandez, Holden"]
[Black "Rohl Montes, Juan Armando"]
[Result "1-0"]
[WhiteElo "2483"]
[BlackElo "2405"]
[PlyCount "49"]
[EventDate "2005.12.15"]
[EventCountry "MEX"]
[Source "lmi"]
[SourceDate "2005.12.23"]

1. d4 Nf6 2. c4 e6 3. Nc3 Bb4 4. f3 c5 5. d5 b5 6. e4 bxc4 7. Bxc4 Nxd5 8. Bxd5
exd5 9. Qxd5 Nc6 10. Nge2 O-O 11. O-O Qb6 12. Be3 Ba6 13. Rf2 d6 14. Qxd6 Rad8
15. Qg3 Nd4 16. Nf4 Bxc3 17. bxc3 Ne6 18. Nxe6 Qxe6 19. Bxc5 Rfe8 20. Bxa7 f5
21. Bd4 Rd7 22. Re1 Bc4 23. Rb2 Rf7 24. Rb6 Qd7 25. exf5 1-0

[Event "18. Carlos Torre Magistral"]
[Site "Merida MEX"]
[Date "2005.12.17"]
[Round "4.5"]
[White "Mitkov, Nikola"]
[Black "Ocampo, Raul"]
[Result "1-0"]
[WhiteElo "2481"]
[BlackElo "2287"]
[PlyCount "57"]
[EventDate "2005.12.15"]
[EventCountry "MEX"]
[Source "lmi"]
[SourceDate "2005.12.23"]

1. e4 c5 2. Nc3 g6 3. Nf3 Bg7 4. d4 cxd4 5. Nxd4 Nc6 6. Be3 Nf6 7. Bc4 O-O 8.
Bb3 a5 9. f3 a4 10. Nxa4 Na5 11. O-O Nxb3 12. axb3 e5 13. Nb5 d5 14. Bb6 Qd7
15. Nc7 Rxa4 16. bxa4 Qc6 17. a5 dxe4 18. fxe4 Nxe4 19. Qd5 Qxd5 20. Nxd5 Be6
21. Nc7 Bf5 22. Rad1 Bh6 23. Rfe1 Rc8 24. c3 Kg7 25. Nd5 Bg4 26. Rd3 Nc5 27.
Rg3 Bd2 28. Rxe5 Nd7 29. Bd4 1-0

[Event "18. Carlos Torre Magistral"]
[Site "Merida MEX"]
[Date "2005.12.17"]
[Round "4.6"]
[White "Quezada, Yuniesky"]
[Black "Huerta, Dayron"]
[Result "1/2-1/2"]
[WhiteElo "2505"]
[BlackElo "2263"]
[PlyCount "83"]
[EventDate "2005.12.15"]
[EventCountry "MEX"]
[Source "lmi"]
[SourceDate "2005.12.23"]

1. e4 e5 2. Nf3 Nc6 3. Bb5 Bb4 4. O-O Nge7 5. c3 Ba5 6. d4 exd4 7. Nxd4 O-O 8.
Nd2 Nxd4 9. cxd4 d5 10. e5 Bb6 11. Nb3 f6 12. exf6 Rxf6 13. Bg5 Rf7 14. Qe2 h6
15. Bh4 Qf8 16. Bg3 Ng6 17. Rfe1 Bf5 18. Bd3 Nf4 19. Bxf4 Bxd3 20. Qxd3 Rxf4
21. Re2 Qf6 22. Rd1 Rf8 23. Rdd2 c6 24. Qc3 Qd6 25. Rd3 Qf6 26. Qd2 Qf5 27. g3
Re4 28. Kg2 Rfe8 29. Rde3 R8e6 30. Rxe4 dxe4 31. Re3 Qd5 32. Qb4 Rd6 33. a4 Bd8
34. Qc5 Bf6 35. Qxd5+ cxd5 36. a5 Rc6 37. Rc3 Rc4 38. Rxc4 dxc4 39. Nd2 Bxd4
40. Nxc4 Kf8 41. f3 exf3+ 42. Kxf3 1/2-1/2

[Event "18. Carlos Torre Magistral"]
[Site "Merida MEX"]
[Date "2005.12.17"]
[Round "4.7"]
[White "Blanco Fernandez, Alvaro"]
[Black "Vera, Reynaldo"]
[Result "1/2-1/2"]
[WhiteElo "2354"]
[BlackElo "2481"]
[PlyCount "75"]
[EventDate "2005.12.15"]
[EventCountry "MEX"]
[Source "lmi"]
[SourceDate "2005.12.23"]

1. d4 d5 2. c4 e6 3. Nf3 Nf6 4. Bg5 dxc4 5. e4 c5 6. Nc3 cxd4 7. Qxd4 Qxd4 8.
Nxd4 a6 9. Bxc4 Bb4 10. f3 Nbd7 11. Nc2 Be7 12. Be3 b5 13. Be2 Bb7 14. b4 Rc8
15. Bd2 Nxe4 16. fxe4 Bf6 17. a4 Bxc3 18. Bxc3 Rxc3 19. Kd2 Rc8 20. axb5 Bxe4
21. Nd4 axb5 22. Bxb5 Ke7 23. Ra7 Rhd8 24. Ke3 Bd5 25. Rd1 Ra8 26. Nf5+ exf5
27. Rxd7+ Rxd7 28. Bxd7 Ra3+ 29. Kd4 Bb3 30. Rd3 Kxd7 31. Kc5+ Kc7 32. b5 Ra2
33. b6+ Kb7 34. Rd7+ Kb8 35. Rd8+ Kb7 36. Rd7+ Kb8 37. Rd8+ Kb7 38. Rd7+
1/2-1/2

[Event "18. Carlos Torre Magistral"]
[Site "Merida MEX"]
[Date "2005.12.17"]
[Round "4.8"]
[White "Escobedo Tinajero, Alberto"]
[Black "Martinez, Nelson"]
[Result "1-0"]
[WhiteElo "2403"]
[BlackElo "2143"]
[PlyCount "105"]
[EventDate "2005.12.15"]
[EventCountry "MEX"]
[Source "lmi"]
[SourceDate "2005.12.23"]

1. d4 Nf6 2. c4 e6 3. Nc3 Bb4 4. Qc2 c5 5. dxc5 Na6 6. a3 Bxc3+ 7. Qxc3 Nxc5 8.
b4 Nce4 9. Qd4 d5 10. c5 b6 11. f3 bxc5 12. bxc5 Qa5+ 13. Qb4 Qxb4+ 14. axb4
Nc3 15. Bb2 Nb5 16. e4 Bd7 17. Bxf6 gxf6 18. Bxb5 Bxb5 19. exd5 exd5 20. Nh3
Kd7 21. Nf4 a5 22. bxa5 Kc6 23. Kf2 Kxc5 24. Rhd1 Bc4 25. a6 Rhd8 26. Rdc1 Rd6
27. a7 Rd7 28. Ra5+ Kb6 29. Rca1 Raxa7 30. Rxa7 Rxa7 31. Rxa7 Kxa7 32. Ke3 Kb6
33. Kd4 Kc6 34. Nh5 Bf1 35. g3 Bg2 36. f4 Kd6 37. Nxf6 Ke6 38. Nxh7 Kf5 39. Ke3
f6 40. Kd4 Be4 41. Nf8 Kg4 42. Nd7 f5 43. h4 Bf3 44. Ne5+ Kxg3 45. Nxf3 Kxf4
46. h5 Kxf3 47. h6 f4 48. h7 Ke2 49. h8=Q f3 50. Qh5 Kf2 51. Qh2+ Ke1 52. Ke3
d4+ 53. Kxf3 1-0

[Event "18. Carlos Torre Magistral"]
[Site "Merida MEX"]
[Date "2005.12.18"]
[Round "5.2"]
[White "Hernandez, Holden"]
[Black "Mitkov, Nikola"]
[Result "0-1"]
[WhiteElo "2483"]
[BlackElo "2481"]
[PlyCount "160"]
[EventDate "2005.12.15"]
[EventCountry "MEX"]
[Source "lmi"]
[SourceDate "2005.12.23"]

1. e4 e5 2. Nf3 Nc6 3. Bb5 Nf6 4. O-O Nxe4 5. d4 Nd6 6. Bxc6 dxc6 7. dxe5 Nf5
8. Qxd8+ Kxd8 9. Nc3 Ne7 10. h3 h6 11. Re1 Ng6 12. Ne4 Bd7 13. b3 Kc8 14. Bb2
c5 15. Rad1 Nf4 16. Bc1 Ne6 17. Nc3 a5 18. Nh2 a4 19. Nf1 axb3 20. axb3 Be7 21.
f4 Re8 22. Be3 Nd4 23. Bxd4 cxd4 24. Ne4 Bb4 25. Re2 Bb5 26. Rf2 f5 27. Neg3 g6
28. Ne2 c5 29. Nh2 Ba5 30. Nc1 Bd8 31. Nd3 b6 32. Nf3 Bc6 33. c3 dxc3 34. Rc1
Bd5 35. Rxc3 Kb7 36. Rd2 Be6 37. b4 c4 38. Nb2 b5 39. Nd4 Bb6 40. Kf1 Red8 41.
Nf3 Rxd2 42. Nxd2 Ra2 43. Nbxc4 bxc4 44. Nxc4 Rf2+ 45. Ke1 Rxf4 46. Nd6+ Kb8
47. Rc6 Rxb4 48. Nb5 Rxb5 49. Rxe6 g5 50. Kd2 Bc7 51. Rxh6 Bxe5 52. Ke2 Rb2+
53. Kf3 Rb3+ 54. Ke2 Kc7 55. Rh5 Rg3 56. Kf1 Kd6 57. h4 Bf4 58. Kf2 Ke5 59.
hxg5 Ke4 60. Rh1 Rxg5 61. Re1+ Kd5 62. Rd1+ Ke6 63. Rd3 Rg8 64. Ra3 Bd6 65. Rb3
Rb8 66. Rd3 Be5 67. Kf3 Rb4 68. Ra3 Rf4+ 69. Ke3 Rg4 70. Kf2 Kd5 71. Rb3 Bd6
72. Rd3+ Rd4 73. Re3 Rf4+ 74. Ke2 Re4 75. Kf3 Rxe3+ 76. Kxe3 Ke5 77. Kf3 Bc5
78. Kg3 Ke4 79. Kh3 Ke3 80. Kh2 Kf2 0-1

[Event "18. Carlos Torre Magistral"]
[Site "Merida MEX"]
[Date "2005.12.18"]
[Round "5.5"]
[White "Watanabe, Akira"]
[Black "Quezada, Yuniesky"]
[Result "0-1"]
[WhiteElo "2365"]
[BlackElo "2505"]
[PlyCount "132"]
[EventDate "2005.12.15"]
[EventCountry "MEX"]
[Source "lmi"]
[SourceDate "2005.12.23"]

1. d4 Nf6 2. c4 e6 3. Nc3 Bb4 4. e3 O-O 5. Bd3 d5 6. Nge2 c5 7. cxd5 cxd4 8.
exd4 Nxd5 9. O-O Nc6 10. Bb1 Bd6 11. Ne4 Be7 12. a3 Re8 13. Qd3 g6 14. Ba2 b6
15. Bh6 Bb7 16. Rfe1 Rc8 17. Rad1 Bf8 18. Qh3 Bg7 19. Ng5 Bf6 20. Ne4 Bg7 21.
N2g3 Nce7 22. Ng5 Nf4 23. Qg4 Bxh6 24. Qxf4 Bxg5 25. Qxg5 Nd5 26. Qd2 Kg7 27.
Ne4 Rc7 28. Qd3 Qe7 29. Bb3 Rd8 30. Qg3 Rcc8 31. Qe5+ f6 32. Qg3 Qc7 33. Qh3
Re8 34. Bxd5 Bxd5 35. Nc3 Qd6 36. Nb5 Qd7 37. Nc3 Rcd8 38. Qg3 Bb7 39. h4 Bc6
40. h5 g5 41. Re3 Qd6 42. Qh3 Kf7 43. d5 Bxd5 44. Nxd5 exd5 45. Qf5 Kg7 46. h6+
Kg8 47. Rxd5 Qxd5 48. Rxe8+ Kf7 49. Qxd5+ Rxd5 50. Rb8 Rd7 51. b4 Kg6 52. a4
Rd1+ 53. Kh2 Ra1 54. a5 bxa5 55. bxa5 Rxa5 56. g4 Kxh6 57. Rb7 Kg6 58. Kg3 h5
59. gxh5+ Kxh5 60. f3 Ra2 61. Rf7 Kg6 62. Rc7 f5 63. Rc6+ Kh5 64. Rf6 f4+ 65.
Kh3 Rf2 66. Rxf4 Rh2+ 0-1

[Event "18. Carlos Torre Magistral"]
[Site "Merida MEX"]
[Date "2005.12.18"]
[Round "5.6"]
[White "Vera, Reynaldo"]
[Black "Martin del Campo, Jorge"]
[Result "1-0"]
[WhiteElo "2481"]
[BlackElo "2253"]
[PlyCount "81"]
[EventDate "2005.12.15"]
[EventCountry "MEX"]
[Source "lmi"]
[SourceDate "2005.12.23"]

1. Nf3 Nf6 2. c4 e6 3. d4 Bb4+ 4. Nbd2 b6 5. a3 Bxd2+ 6. Qxd2 Bb7 7. e3 O-O 8.
Be2 d6 9. O-O Nbd7 10. b4 c5 11. dxc5 dxc5 12. Bb2 Qc7 13. Rfd1 Rfd8 14. Qc3
Ne8 15. Nd2 Ndf6 16. Nb3 Rac8 17. Qe1 Be4 18. Rac1 Rxd1 19. Bxd1 Nd7 20. f3 Bb7
21. Be2 Rd8 22. Rd1 cxb4 23. axb4 Nb8 24. Bd3 Qe7 25. Bc3 Rd7 26. Rd2 Qd8 27.
Qe2 Nc6 28. b5 Nb8 29. c5 Qc7 30. c6 Rd5 31. f4 Nxc6 32. bxc6 Qxc6 33. Bd4 Qa4
34. Bc4 Rd8 35. Ra2 Qb4 36. Rxa7 Nd6 37. Nd2 Bc6 38. Bd3 Nc8 39. Bxh7+ Kxh7 40.
Qh5+ Kg8 41. Qxf7+ 1-0

[Event "18. Carlos Torre Magistral"]
[Site "Merida MEX"]
[Date "2005.12.18"]
[Round "5.7"]
[White "Corrales, Fidel"]
[Black "Mata Gonzalez, Jose Fernando"]
[Result "0-1"]
[WhiteElo "2470"]
[BlackElo "2213"]
[PlyCount "94"]
[EventDate "2005.12.15"]
[EventCountry "MEX"]
[Source "lmi"]
[SourceDate "2005.12.23"]

1. e4 e5 2. Nf3 Nc6 3. d4 exd4 4. Nxd4 Bc5 5. Nxc6 Qf6 6. Qd2 dxc6 7. Nc3 Bd7
8. Bd3 Ne7 9. O-O O-O-O 10. Na4 Bd6 11. Qe3 c5 12. Nc3 Qd4 13. Qe2 Ng6 14. Nd5
c6 15. Be3 Qe5 16. f4 Qe8 17. Nc3 f6 18. a3 Qe7 19. b4 f5 20. e5 Nxe5 21. bxc5
Ng4 22. cxd6 Qxe3+ 23. Qxe3 Nxe3 24. Rfe1 Rhe8 25. Kf2 Ng4+ 26. Kg3 g6 27. Bc4
Rxe1 28. Rxe1 Re8 29. Rxe8+ Bxe8 30. Be6+ Bd7 31. Bf7 Nf6 32. Kh4 Kd8 33. Kg5
Ne4+ 34. Nxe4 fxe4 35. Bc4 e3 36. Be2 Bf5 37. g4 Bxc2 38. Kf6 Ba4 39. f5 gxf5
40. gxf5 Bb5 41. Bf3 e2 42. Bxe2 Bxe2 43. Kg7 Bh5 44. f6 c5 45. Kh6 Bg6 46. h4
c4 47. h5 Be8 0-1

[Event "18. Carlos Torre Magistral"]
[Site "Merida MEX"]
[Date "2005.12.18"]
[Round "5.8"]
[White "Huertas Soris, Ramon"]
[Black "De la Paz, Frank"]
[Result "0-1"]
[WhiteElo "2322"]
[BlackElo "2456"]
[PlyCount "161"]
[EventDate "2005.12.15"]
[EventCountry "MEX"]
[Source "lmi"]
[SourceDate "2005.12.23"]

1. d4 Nf6 2. c3 g6 3. Bg5 Bg7 4. Nd2 d6 5. e3 O-O 6. Bd3 Nbd7 7. Ne2 c5 8. O-O
b6 9. a4 a6 10. Bh4 Bb7 11. e4 Qc7 12. f3 Rac8 13. Bf2 e5 14. d5 Nh5 15. Be3
Bf6 16. Nc4 Be7 17. Qd2 Rb8 18. b4 f5 19. Rab1 Nhf6 20. bxc5 Nxc5 21. Bxc5
Qxc5+ 22. Qe3 Nd7 23. Qxc5 Nxc5 24. Bc2 a5 25. Na3 fxe4 26. fxe4 Bg5 27. Rf3
Ba6 28. Nb5 Kg7 29. Kf2 Bh4+ 30. Ke3 Bg5+ 31. Kf2 Bxb5 32. Rxb5 Nd7 33. Bd3
Rbc8 34. Rb1 Bd2 35. Kg3 Nc5 36. Bc2 Nd7 37. Bd3 h5 38. h3 Kh6 39. Kh2 Kg7 40.
Rbf1 Rxf3 41. Rxf3 Nc5 42. Bc2 Rb8 43. c4 Rc8 44. Ra3 Na6 45. Rd3 Bf4+ 46. g3
Bg5 47. Rf3 Bd2 48. Rd3 Be1 49. Rd1 Bf2 50. Kg2 Be3 51. Kf3 Bc5 52. Kg2 Rc7 53.
Bb3 Nb4 54. Nc3 Kh6 55. Nb5 Rd7 56. Nc3 h4 57. gxh4 Kh5 58. Rf1 Kxh4 59. Rf3
Kg5 60. Rg3+ Kh6 61. Rf3 Rh7 62. Bd1 Kg7 63. Rg3 Rh4 64. Rg4 Rh8 65. Rg3 Rf8
66. Rf3 Rf4 67. Rxf4 exf4 68. Kf3 g5 69. Kg4 Kf6 70. e5+ Kxe5 71. Kxg5 Be3 72.
Kg4 Nd3 73. Bf3 Nf2+ 74. Kh4 Bd2 75. Nb5 Be1 76. Bg2 Nd1+ 77. Kh5 Ne3 78. Bf3
Nxc4 79. Kg5 Nd2 80. Kg4 Bh4 81. Kh5 0-1

[Event "18. Carlos Torre Magistral"]
[Site "Merida MEX"]
[Date "2005.12.18"]
[Round "6.2"]
[White "Nogueiras, Jesus"]
[Black "Milov, Vadim"]
[Result "1/2-1/2"]
[WhiteElo "2547"]
[BlackElo "2652"]
[PlyCount "64"]
[EventDate "2005.12.15"]
[EventCountry "MEX"]
[Source "lmi"]
[SourceDate "2005.12.23"]

1. Nf3 g6 2. d4 Bg7 3. g3 c5 4. c3 Qa5 5. Bg2 cxd4 6. Nxd4 Nf6 7. O-O O-O 8. a4
d5 9. Bg5 Nbd7 10. Nb3 Qa6 11. N1d2 h6 12. Bxf6 Nxf6 13. e4 Nxe4 14. Nxe4 dxe4
15. Bxe4 Qc4 16. Re1 Qc7 17. Qe2 Rb8 18. Qe3 a6 19. Bg2 e6 20. Qc5 Qxc5 21.
Nxc5 b6 22. Ne4 Rd8 23. Red1 Bb7 24. Nd6 Bxg2 25. Kxg2 b5 26. axb5 axb5 27. Ne4
b4 28. Rxd8+ Rxd8 29. cxb4 Rd4 30. Ra8+ Kh7 31. Nc5 Rxb4 32. Ra7 Kg8 1/2-1/2

[Event "18. Carlos Torre Magistral"]
[Site "Merida MEX"]
[Date "2005.12.18"]
[Round "6.6"]
[White "Leon Hoyos, Manuel"]
[Black "Navarro, Roberto"]
[Result "1-0"]
[WhiteElo "2428"]
[BlackElo "2242"]
[PlyCount "63"]
[EventDate "2005.12.15"]
[EventCountry "MEX"]
[Source "lmi"]
[SourceDate "2005.12.23"]

1. Nf3 d5 2. c4 c6 3. b3 Nf6 4. Bb2 e6 5. g3 Nbd7 6. Bg2 Be7 7. O-O O-O 8. d3
b6 9. e4 Bb7 10. Qe2 c5 11. Nbd2 d4 12. e5 Ne8 13. b4 Qc7 14. Rfe1 g6 15. h4
Ng7 16. bxc5 bxc5 17. Bc1 Rab8 18. Ne4 Nf5 19. Bf4 Bxe4 20. Qxe4 Rb2 21. Bc1
Rb6 22. h5 gxh5 23. Bh3 Ng7 24. Ng5 f5 25. exf6 Nxf6 26. Bxe6+ Kh8 27. Qf3 Qb8
28. Nf7+ Kg8 29. Bf4 Qa8 30. Nd8+ Rxe6 31. Qxa8 Rxd8 32. Qxa7 1-0